| 000 | 00386nam a2200169Ia 4500 | ||
|---|---|---|---|
| 008 | 170705s9999 xx 000 0 und d | ||
| 020 | _a9780152017002 | ||
| 245 | _aSea shapes / | ||
| 245 | _cby Suse MacDonald. | ||
| 260 | _aOrlando : | ||
| 260 | _bHarcourt Inc., | ||
| 260 | _c1994 | ||
| 300 | _aunpaged : | ||
| 300 | _bcolor illustration ; | ||
| 300 | _c23cm. | ||
| 500 | _aBR | ||
| 999 |
_c337226 _d337226 |
||